000 01942nam1a22003011i 4500
001 RU\INFOCOMM_318\NLR\5000075972
005 20241103082610.0
035 _a(NLR Aleph) 009532026
090 _a8893612
_c8893612
100 _a20121129d1993 |||y0rusy50 ba
101 0 _aeng
102 _aRU
105 _ay z |||||
200 1 _aXI International conference on microwave ferrities, 16-20 October, 1992
_dXI Международная конференция по гиромагнитной электронике и электродинамике, 16-20 октября 1992 г.
_eProceedings
_zrus
_fМ-во науки, высш. школы и техн. политики Рос. Федерации, М-во образования Украины, Моск. энергет. ин-т, Симферопол. гос. ун-т, Бюро междунар. семинара по гиромагнитной электронике и электродинамике
210 _aМосква
_cМЭИ
_d1993
215 _d19 см
300 _aВ вып. дан.: XI Международная конференция по гиромагнитной электронике и электродинамике
300 _aРез. в конце докл.
510 1 _aXI Международная конференция по гиромагнитной электронике и электродинамике, 16-20 октября 1992 г.
_zrus
606 _aЭлектродинамика
_jСъезды, совещания и т. п.
_9895145
_3RU\NLR\AUTH\664262
606 _aЭлектродинамика
_jСъезды, совещания и т. п.
_9895145
_3RU\NLR\AUTH\664262
686 _aЗ843.514-1я431
_2rubbk
686 _aЗ840.4я431
_2rubbk
710 1 2 _aInternational conference on microwave ferrites
_d11
_eMoscow
_f1992
_4070
801 1 _aRU
_bNLR
_c20121129
801 0 _aRU
_bINFOCOMM
_gPSBO
852 _aNLR
_jТ95 Д-3/347
942 _cBOOK